000
00492nam a2200145Ia 4500
008
151213s9999 xx 000 0 und d
100
_a
নূরুল করিম নাসিক।
245
_a
বাইুরের জানালা।
_c
নূরুল করিম নাসিক।
260
_a
ঢাকা
_b
অয়ন।
_c
2003
300
_a
8792 p.
650
_a
Bangla
650
_a
গল্প
700
_a
নূরুল করিম নাসিক।
999
_c
4577
_d
4577